|
|
|
|
| LEADER |
01014cam a2200253 7i4500 |
| 001 |
0000069974 |
| 005 |
20220721090000.0 |
| 020 |
|
|
|a 9780323546522
|
| 090 |
0 |
0 |
|a WG 18.2
|b .O91 2020
|
| 100 |
1 |
|
|a Otto, Catherine M
|
| 245 |
1 |
0 |
|a Echocardiography review guide :
|b companion to the Textbook of clinical echocardiography
|c Catherine M. Otto, Rebecca G. Schwaegler, Rosario V. Freeman.
|
| 250 |
|
|
|a Fourth edition.
|
| 264 |
|
|
|a Amsterdam:
|b Elsevier,
|c 2020.
|
| 300 |
|
|
|a 1 online resource (1 volume):
|b illustrations (some color);
|c text file, PDF.
|
| 336 |
|
|
|a text
|2 rdacontent
|
| 337 |
|
|
|a computer
|2 rdamedia
|
| 338 |
|
|
|a online resource
|2 rdacarrier
|
| 650 |
|
0 |
|a Echocardiography --
|x Examinations --
|x Study guides
|
| 650 |
|
0 |
|a Echocardiography --
|x Problems, exercises, etc
|
| 655 |
|
0 |
|a Electronic books
|
| 856 |
4 |
2 |
|u http://library.unisel.edu.my/web/guest/mylibrary
|
| 997 |
|
|
|a Health Sciences, Faculty
|
| 998 |
|
|
|a Biomedical Science, Degree
|
| 999 |
|
|
|a EBO0013561
|b EBOOK
|c EBOOK
|e Electronic resources
|